000 00507nam a2200181Ia 4500
005 20250508151753.0
008 008 250505s9999 xx 000 0 hin d
037 _aTextual
040 _aFEDL
_beng
_cFEDL
041 _ahin
_2hin
084 _a920, SHE
_qFEDL
100 _aShem Chandra
245 0 _aJeevan samritiya: Katipaya sahityakaro ke atma charit
260 _aDelhi, India
_bAtma Ram and Sons
_c1953
300 _a248p.
942 _cTEXL
_h920, SHE
999 _c1332051
_d1332051